Georg Jellinek als Sozialtheoretiker und Kommunitarist

Saved in:
Bibliographic Details
Main Author: Brugger, Winfried (Author)
Format: Chapter/Article Conference Paper
Language:German
Published: 2016
In: Faktizität und Normativität
Year: 2016, Pages: 5-37
Online Access: Get full text
Author Notes:Winfried Brugger

MARC

LEADER 00000caa a2200000 c 4500
001 1553062213
003 DE-627
005 20240730104052.0
007 tu
008 170202s2016 xx ||||| 00| ||ger c
035 |a (DE-627)1553062213 
035 |a (DE-576)483062219 
035 |a (DE-599)BSZ483062219 
035 |a (OCoLC)1340959917 
040 |a DE-627  |b ger  |c DE-627  |e rda 
041 |a ger 
084 |a 19  |2 sdnb 
100 1 |a Brugger, Winfried  |d 1950-2010  |e VerfasserIn  |0 (DE-588)115418318  |0 (DE-627)077240499  |0 (DE-576)160453593  |4 aut 
245 1 0 |a Georg Jellinek als Sozialtheoretiker und Kommunitarist  |c Winfried Brugger 
264 1 |c 2016 
300 |a 33 
336 |a Text  |b txt  |2 rdacontent 
337 |a ohne Hilfsmittel zu benutzen  |b n  |2 rdamedia 
338 |a Band  |b nc  |2 rdacarrier 
773 0 8 |i Enthalten in  |a Faktizität und Normativität. Georg Jellineks Freiheitliche Verfassungslehre (Veranstaltung : 2011 : Jena)  |t Faktizität und Normativität  |d Tübingen : Mohr Siebeck, 2016  |g (2016), Seite 5-37  |h XIII, 304 Seiten  |w (DE-627)877478708  |w (DE-576)482205261  |z 9783161551406  |7 nnam 
773 1 8 |g year:2016  |g pages:5-37  |g extent:33  |a Georg Jellinek als Sozialtheoretiker und Kommunitarist 
951 |a AR 
992 |a 20170707 
993 |a ConferencePaper 
994 |a 2016 
998 |g 115418318  |a Brugger, Winfried  |m 115418318:Brugger, Winfried  |d 20000  |e 20000PB115418318  |k 0/20000/  |p 1  |x j  |y j 
999 |a KXP-PPN1553062213  |e 2973312108 
BIB |a Y 
JSO |a {"title":[{"title_sort":"Georg Jellinek als Sozialtheoretiker und Kommunitarist","title":"Georg Jellinek als Sozialtheoretiker und Kommunitarist"}],"origin":[{"dateIssuedKey":"2016","dateIssuedDisp":"2016"}],"name":{"displayForm":["Winfried Brugger"]},"recId":"1553062213","person":[{"family":"Brugger","display":"Brugger, Winfried","given":"Winfried","role":"aut"}],"physDesc":[{"extent":"33 S."}],"type":{"bibl":"chapter"},"language":["ger"],"id":{"eki":["1553062213"]},"relHost":[{"physDesc":[{"extent":"XIII, 304 Seiten"}],"note":["Aus dem Vorwort: Tagungsband zum Symposium \"Faktizität und Normativität. Georg Jellineks Freiheitliche Verfassungslehre\" 2011 in Jena"],"disp":"Faktizität und Normativität. Georg Jellineks Freiheitliche Verfassungslehre (Veranstaltung : 2011 : Jena)Faktizität und Normativität","language":["ger"],"corporate":[{"display":"Faktizität und Normativität. Georg Jellineks Freiheitliche Verfassungslehre (2011, Jena)","role":"aut"}],"id":{"isbn":["9783161551406"],"eki":["877478708"]},"part":{"pages":"5-37","year":"2016","extent":"33","text":"(2016), Seite 5-37"},"type":{"bibl":"book"},"name":{"displayForm":["herausgegeben von Winfried Brugger †, Rolf Gröschner und Oliver W. Lembcke"]},"recId":"877478708","origin":[{"dateIssuedKey":"2016","publisherPlace":"Tübingen","dateIssuedDisp":"[2016]","publisher":"Mohr Siebeck"}],"title":[{"title_sort":"Faktizität und Normativität","subtitle":"Georg Jellineks freiheitliche Verfassungslehre","title":"Faktizität und Normativität"}],"relMultPart":[{"language":["ger"],"id":{"zdb":["2454520-X"],"issn":["1867-1349"],"eki":["581031377"]},"title":[{"title":"Politika","title_sort":"Politika"}],"origin":[{"dateIssuedDisp":"2008-","publisher":"Mohr Siebeck","publisherPlace":"Tübingen","dateIssuedKey":"2008"}],"recId":"581031377","dispAlt":"Politika","physDesc":[{"noteFormat":"23-24 cm"}],"part":{"number":["13"],"number_sort":["13"]},"type":{"bibl":"serial"},"pubHistory":["1.2008 -"],"disp":"Politika"}],"person":[{"family":"Brugger","display":"Brugger, Winfried","given":"Winfried","role":"edt"},{"family":"Gröschner","given":"Rolf","display":"Gröschner, Rolf","role":"edt"},{"given":"Oliver","display":"Lembcke, Oliver","role":"edt","family":"Lembcke"},{"family":"Jellinek","role":"hnr","display":"Jellinek, Georg","given":"Georg"}]}]} 
SRT |a BRUGGERWINGEORGJELLI2016